000 00866nam a22002897a 4500
001 BR9400546
003 BR-BrBNA
005 20230928093941.0
007 ta
008 230509b bl.||||| |||| 00| 0 por d
040 _aBR-BrBNA
_bpor
_cBiblioteca Nacional de Agricultura
041 _a(Eng, Fre, Por)
072 _aQ03
_b9100
090 _ 9100 BR9400546
100 1 _aGorgatti Netto, A.
110 1 _aInstituto de Tecnologia de Alimentos, Campinas, SP (Brasil)
245 1 _aRelatorio. 12. Reuniao do Comite do Codex Alimentarius sobre frutas e vegetais processados
260 3 _aCampinas, SP (Brasil):
_c1975.
300 _a25 p.
650 _aAlimento Vegetal
650 _aComposicao de Alimento
650 _aHigiene de Alimento
650 _aControle de Qualidade
650 _aFruta
909 _a202309
_bLucia
_c55
_dLucia Elande
942 _cBK
999 _c48088
_d48088